00294nam a2200133Ia 4500003000400000005001700004008004100021020001700062040002000079100001100099245002500110260001600135260000900151OSt20240110164010.0170524s9999 xx 000 0 und d a978818677493 cIIMT UNIVERSITY aManual 4aThe Wisbom of Buddha bManual Pub. c2004